| 000 | 00464nam a22001697a 4500 | ||
|---|---|---|---|
| 003 | OSt | ||
| 005 | 20230327133828.0 | ||
| 008 | 230327b |||||||| |||| 00| 0 eng d | ||
| 020 | _a 9780075571902 | ||
| 040 | _cHU | ||
| 082 | _a301VAN 1990 | ||
| 100 |
_aVander Zanden, James Wilfrid _937383 |
||
| 245 | _aThe social experience : an introduction to sociology | ||
| 260 |
_aEnglish, _bRandom House, New York, _c ©1988 |
||
| 300 | _aP-663 | ||
| 942 |
_2ddc _cBOOKS _n0 |
||
| 999 |
_c35827 _d35827 |
||